Jashn-i carāg̲h̲ān̲. (Record no. 61060)

MARC details
000 -LEADER
fixed length control field 00546cam a22002291 4500
001 - CONTROL NUMBER
control field sa 64008817
003 - CONTROL NUMBER IDENTIFIER
control field DLC
005 - DATE AND TIME OF LATEST TRANSACTION
control field 20260227112056.0
008 - FIXED-LENGTH DATA ELEMENTS--GENERAL INFORMATION
fixed length control field 950622s1959 pk 000 1 urdo
010 ## - LIBRARY OF CONGRESS CONTROL NUMBER
LC control number sa 64008817
035 ## - SYSTEM CONTROL NUMBER
System control number (OCoLC)32693272
040 ## - CATALOGING SOURCE
Original cataloging agency DLC
Transcribing agency CU
Modifying agency CU
-- DLC
042 ## - AUTHENTICATION CODE
Authentication code premarc
050 00 - LIBRARY OF CONGRESS CALL NUMBER
Classification number PK2200.A7
Item number J3
100 1# - MAIN ENTRY--PERSONAL NAME
Personal name Aslam, Muhammad,
Dates associated with a name 1885-
245 10 - TITLE STATEMENT
Title Jashn-i carāg̲h̲ān̲.
260 ## - PUBLICATION, DISTRIBUTION, ETC.
Date of publication, distribution, etc. [1959]
300 ## - PHYSICAL DESCRIPTION
Extent 551 p.
500 ## - GENERAL NOTE
General note In Urdu.
500 ## - GENERAL NOTE
General note Text partially vocalized.
500 ## - GENERAL NOTE
General note A novel.

No items available.

Powered by Koha